Wappen aller 106 kreisfreien Städte - Statistiken

Allgemein
  • Dieses Quiz wurde 75 mal gespielt
  • Das Durchschnittsergebnis liegt bei 32 aus 106
Antwortstatistiken
Bildquiz Antwort % Korrekt
Berlin
95%
Hamburg
88%
Bremen
84%
Augsburg
77%
München
70%
Stuttgart
70%
Fürth
67%
Mainz
65%
Köln
63%
Kiel
60%
Frankfurt am Main
58%
Dortmund
56%
Halle (Saale)
56%
Chemnitz
47%
Dresden
47%
Leipzig
47%
Düsseldorf
44%
Flensburg
44%
Gelsenkirchen
42%
Wolfsburg
42%
Erfurt
40%
Essen
40%
Rostock
40%
Ulm
40%
Coburg
37%
Freiburg im Breisgau
37%
Karlsruhe
37%
Nürnberg
37%
Bremerhaven
35%
Kassel
35%
Bochum
33%
Darmstadt
33%
Duisburg
33%
Amberg
30%
Braunschweig
30%
Dessau-Roßlau
30%
Herne
30%
Magdeburg
30%
Würzburg
30%
Baden-Baden
28%
Bonn
28%
Ingolstadt
28%
Leverkusen
28%
Münster
28%
Neumünster
28%
Potsdam
28%
Wiesbaden
28%
Bielefeld
26%
Brandenburg an der Havel
26%
Hagen
26%
Hamm
26%
Kaiserslautern
26%
Mönchengladbach
26%
Oberhausen
26%
Osnabrück
26%
Regensburg
26%
Speyer
26%
Trier
26%
Wuppertal
26%
Bottrop
23%
Frankfurt (Oder)
23%
Koblenz
23%
Lübeck
23%
Mannheim
23%
Offenbach am Main
23%
Pforzheim
23%
Solingen
23%
Weiden in der Oberpfalz
23%
Bamberg
21%
Cottbus
21%
Jena
21%
Schwerin
21%
Weimar
21%
Ansbach
19%
Emden
19%
Gera
19%
Heidelberg
19%
Krefeld
19%
Landshut
19%
Salzgitter
19%
Schweinfurt
19%
Straubing
19%
Bayreuth
16%
Delmenhorst
16%
Heilbronn
16%
Hof
16%
Ludwigshafen am Rhein
16%
Oldenburg
16%
Remscheid
16%
Rosenheim
16%
Suhl
16%
Worms
16%
Aschaffenburg
14%
Frankenthal (Pfalz)
14%
Kempten (Allgäu)
14%
Neustadt an der Weinstraße
14%
Wilhelmshaven
14%
Kaufbeuren
12%
Mülheim an der Ruhr
12%
Passau
12%
Pirmasens
12%
Schwabach
12%
Zweibrücken
12%
Erlangen
9%
Landau in der Pfalz
7%
Memmingen
7%
Keine übereinstimmenden Quizze gefunden
Verteilung der Resultate
Anzahl Personen mit jedem Resultat
Perzentil nach korrekt beantworteten Fragen
Ihre Resultats-Entwicklung
Sie haben dieses Quiz noch nicht gespielt